Villes de France par banlieue - Niveau Champion - Statistiques

Statistiques générales
  • Ce quiz a été pris 144 fois
  • Le résultat moyen est 35 sur 102
Statistiques - réponses
Ville à proximité Ville à trouver % Correct
Le Kremlin-Bicêtre / Saint-Mandé / Issy-les-Moulineaux Paris
75%
Puteaux / Courbevoie / Suresnes Nanterre (Paris petite couronne)
74%
Drancy / Bondy / Pantin Bobigny (Paris petite couronne)
69%
Saint-Cyr-l'École / Le Chesnay-Rocquencourt / Guyancourt Versailles
67%
Maisons-Alfort / Saint-Maur-des-Fossés / Alfortville Créteil (Paris petite couronne)
65%
Gravelines / Bray-Dunes / Coudekerque-Branche Dunkerque
63%
Villefranche-sur-Mer / La Trinité / Beaulieu-sur-Mer Nice
63%
San-Martino-di-Lota / Santa-Maria-di-Lota / Lucciana Bastia
62%
Tassin-la-Demi-Lune / Ecully / Saint-Fons Lyon
61%
Yzeure / Avermes / Toulon-sur-Allier Moulins
61%
Wattrelos / Hem / Croix Roubaix - Tourcoing (Lille métropole)
61%
Hoenheim / Lingolsheim / Ostwald Strasbourg
58%
Saint-Louis / Le Tampon / Saint-Joseph Saint-Pierre (La Réunion)
57%
Six-Fours-les-Plages / Solliès-Pont / Saint-Mandrier-sur-Mer Toulon
57%
Vertou / Saint-Herblain / La-Chapelle-sur-Erdre Nantes
56%
Bastelicaccia / Alata / Afa Ajaccio
55%
Wintzenheim / Horbourg-Wihr / Ingersheim Colmar
55%
Sciez / Évian-les-Bains / Publier Thonon-les-Bains
55%
La Teste-de-Buch / Gujan-Mestras / Le Teich Arcachon
54%
Bruges / Cenon / Floirac Bordeaux
54%
La Madeleine / Lambersart / Loos Lille
54%
Illzach / Pfastatt / Sausheim Mulhouse
52%
Puget-sur-Argens / Roquebrune-sur-Argens / Saint-Raphaël Fréjus
51%
Mont-Saint-Aignan / Bois-Guillaume / Canteleu Rouen
51%
Schoelcher / Le Lamentin / Saint-Joseph Fort-de-France (Martinique)
49%
Larmor-Plage / Quéven / Locmiquélic Lorient
49%
L'Union / Balma / Ramonville-Sainte-Agne Toulouse
46%
Pornichet / Guérande / Le Pouliguen La Baule-Escoublac
44%
Gonfreville-l'Orcher / Octeville-sur-Mer / Sainte-Adresse Le Havre
44%
Lamentin / Les Abymes / Baie-Mahault Pointe-à-Pitre (Guadeloupe)
43%
Péronnas / Saint-Denis-lès-Bourg / Viriat Bourg-en-Bresse
40%
Plouzané / Le Relecq-Kerhuon / Guilers Brest
40%
Soyaux / L'Isle-d'Espagnac / Saint-Yrieix-sur-Charente Angoulême
39%
Bondoufle / Saint-Germain-les-Corbeil / Soisy-sur-Seine Évry
39%
Replonges / Sancé / Saint-Laurent-sur-Saône Mâcon
39%
Le Port / Sainte-Marie / Saint-André Saint-Denis (La Réunion)
38%
Plan-de-Cuques / Septèmes-les-Vallons / Les Pennes-Mirabeau Marseille
37%
Trégueux / Plérin / Ploufragan Saint-Brieuc
37%
Saint-Avertin / Fondettes / Montlouis-sur-Loire Tours
37%
La Motte-Servolex / Challes-les-Eaux / Barberaz Chambéry
36%
Nogent-sur-Oise / Montataire / Villers-Saint-Paul Creil
36%
Freyming-Merlebach / Stiring-Wendel / Morsbach Forbach
36%
Avion / Méricourt / Harnes Lens - Liévin
36%
Florange / Hayange / Fameck Thionville
35%
Le Mée-sur-Seine / Vaux-le-Pénil / Dammarie-les-Lys Melun
34%
Les Ponts-de-Cé / Bouchemaine / Beaucouzé Angers
33%
Vedène / Entraigues-sur-la-Sorgue / Les Angles Avignon
33%
Marck / Coulogne / Coquelles Calais
33%
Vauréal / Jouy-le-Moutier / Auvers-sur-Oise Cergy-Pontoise
33%
Saint-Brevin-les-Pins / Trignac / Montoir-de-Bretagne Saint-Nazaire
33%
Charmes-sur-Rhône / Guilherand-Granges / Saint-Péray Valence
33%
Saint-Jean-de-Védas / Juvignac / Clapiers Montpellier
31%
Volvic / Châtel-Guyon / Mozac Riom
31%
Boucau / Tarnos / Saint-Pierre-d'Irube Bayonne - Anglet - Biarritz
30%
Trèbes / Villemoustaussou / Cazilhac Carcassonne
30%
Saint-Pryvé-Saint-Mesmin / Saint-Jean-le-Blanc / Saint-Jean-de-Braye Orléans
30%
Châteauneuf-les-Martigues / Rognac / Berre-l'Étang Vitrolles - Marignane
30%
Boulazac-Isle-Manoir / Trélissac / Sanilhac Périgueux
29%
Bouc-Bel-Air / Gardanne / Venelles Aix-en-Provence
28%
La Tronche / Eybens / Saint-Martin-le-Vinoux Grenoble
28%
Saint-Doulchard / Saint-Germain-du-Puy / Mehun-sur-Yèvre Bourges
27%
Lons / Billère / Jurançon Pau
27%
Cabestany / Canohès / Pia Perpignan
27%
Mainvilliers / Lucé / Lèves Chartres
26%
Longvic / Saint-Apollinaire / Quetigny Dijon
25%
Sin-le-Noble / Waziers / Cuincy Douai
25%
Veyrier-du-Lac / Poisy / Sevrier Annecy
24%
Mondeville / Giberville / Saint-Germain-la-Blanche-Herbe Caen
24%
Aytré / Périgny / Puilboreau La Rochelle
24%
Onet-le-Château / Le Monastère / Olemps Rodez
22%
Saint-Avé / Séné / Arradon Vannes
22%
Vezin-le-Coquet / Chantepie / Saint-Grégoire Rennes
21%
Le Chambon-Feugerolles / Saint-Jean-Bonnefonds / Saint-Genest-Lerpt Saint-Étienne
21%
Marly / Onnaing / Saint-Saulve Valenciennes
21%
Marguerittes / Milhaud / Caveirac Nîmes
20%
Isle / Couzeix / Feytiat Limoges
19%
Aiffres / Chaufray / Vouillé Niort
19%
Saint-Juéry / Arthès / Puygouzon Albi
18%
Malemort / Cosnac / Varetz Brive-la-Gaillarde
18%
École-Valentin / Montfaucon / Pouilley-les-Vignes Besançon
17%
Beaumont / Ceyrat / Romagnat Clermont-Ferrand
17%
Coulaines / Saint-Pavace / Yvré-l'Évêque Le Mans
17%
Esbly / Quincy-Voisins / Trilport Meaux
17%
Biard / Vouneuil-sous-Biard / Migné-Auxances Poitiers
17%
Bordères-sur-l'Échez / Aureilhan / Séméac Tarbes
17%
Cusset / Creuzier-le-Vieux / Charmeil Vichy
17%
Salouël / Saleux / Rivery Amiens
16%
Achicourt / Beaurains / Dainville Arras
16%
Lignan-sur-Orb / Boujan-sur-Libron / Cers Béziers
16%
Champforgeuil / Châtenoy-le-Royal / Saint-Rémy Chalon-sur-Saône
16%
Brives-Charensac / Chadrac / Polignac Le Puy-en-Velay
15%
Heillecourt / Saint-Max / Tomblaine Nancy
15%
Saint-Brice-Courcelles / Bezannes / Taissy Reims
15%
Riorges / Le Coteau / Villerest Roanne
15%
Bon-Encontre / Foulayronnes / Pont-du-Casse Agen
13%
Beuvry / Verquin / Annezin Béthune
13%
Vineuil / Saint-Gervais-la-Forêt / Villebarou Blois
13%
Saint-Julien-les-Villas / Saint-André-les-Vergers / Saint-Parres-aux-Tertres Troyes
13%
Marly / Scy-Chazelles / Talange Metz
12%
Désertines / Domérat / Quinssaines Montluçon
12%
Grand-Charmont / Bethoncourt / Exincourt Montbéliard
10%
Compertrix / Fagnières / Saint-Memmie Châlons-en-Champagne
7%
Aucun quiz correspondant
Distribution des résultats
% des personnes avec chaque résultat
Percentile par nombre de réponses
Votre historique - résultats
Vous n’avez pas pris ce quiz